02632nam a2200277 4500001000800000005001700008007000300025008004100028040000800069041000800077100004500085245011100130246012700241300002000368520083600388520081101224650002302035650003102058650002102089650002102110650002902131650002002160773012602180942003102306999001702337ESSALUD20260701104213.0ta t pe ||||| |||| 00| 0 spa d aBMG aspa aPalacios Martínez, Eric 946904eAutor aEficacia y autonomía privada negocial: el negocio condicionalbAspectos preliminares, pero fundamentales aEffectiveness and private autonomy in legal transactions: the conditional transactionbPreliminary but fundamental aspects apáginas 45-58 aEl autor analiza el significado que se le debe otorgar a la accidentalidad de los componentes negociales, a fin de comprender mejor su naturaleza y, con ello, su correcta aplicación a los casos concretos en los tipos negociales. Refiere que de accidentalidad solo se puede hablar con respecto a la categoría del negocio típico, es decir, del negocio considerado in abstracto, ya que, con respecto al negocio concreto, en el cual se insertan estos elementos modales, ellos se consideran esenciales, constitutivos del negocio. Posteriormente, el autor comenta aspectos relevantes de la condición como elemento del acto jurídico, enfocándose en explicar en qué consiste la futuridad y la incertidumbre, e igualmente expresa algunas críticas sobre las clasificaciones que la doctrina ha propuesto sobre las condiciones. aThe outhor onolyzes the meoning to be ottributed to the incidental noture (accidentalidad) of contractual components in arder to better understond their noture ond, consequently, their proper opplicotion to specific coses within legal transoctions. He osserts thot 'incidental noture' con only be discussed in relotion to the cotegory of the typicol transoction (thot is, the tronsoction considered in abstracto); regording the specific tronsoction into which these modal elements ore inserted, they ore considered essentiol ond constitutive of the oct. Subsequently, the outhor comments on relevont ospects of the condition os on element of the legal oct, focusing on the concepts of Juturity and uncertointy, while o/so offering critiques of the clossificotions of conditions proposed by legal doctrine.  aCONDICIÓN952932 aAUTONOMÍA PRIVADA952933 aFUTURIDAD952934 aCONDITION952935 aPRIVO TE OUTONOMY952936 aFUTURITY9529370 022573922620dLima Grupo Praxis Formación Profesional, 2026-oPRA001tPraxis Civil & Procesal CivilwESSALUDx3119-7671 cARTICULOSe2026-06-30zsqb c22576d22576